000 01534cam a2200349 4500
001 L159315
008 160805n2016 000 0 eng u
020 _a9781315708867
035 _a(Sirsi) u159315
041 _aeng.
100 _aAshworth, Allan
245 _aCost studies of buildings
_h[electronic resource]
250 _a6th ed.
260 _aHarlow
_bTaylor and Francis Ltd
_c2015
300 _aeBook
520 _aFocuses on the importance of costs management during the different phases of the construction process. Looks at cost control including the history of building economics; cost data including design economics, quality factors, indices and trends; cost analysis; procurement; cost practice including development appraisal; pre-tender price estimating; cost planning; cost modelling and whole life costing. Other factors include value management, risk analysis, sustainability and carbon estimating. Each chapter features learning outcomes and self-assessment.
650 _aBUILDING INDUSTRY
650 2 4 _aEBOOK
650 _aCONSTRUCTION INDUSTRY
650 _aCOST ANALYSIS
650 _aCOST INDICES
650 _aCOST CONTROL
650 _aCOST INDICES
650 _aCOST MODELLING
650 _aDEVELOPMENT APPRAISAL
650 _aESTIMATING TECHNIQUES
650 _aLIFE CYCLE COSTING
651 4 _aENGLAND AND WALES
690 _aCost management
_96233
856 4 0 _uhttps://www.vlebooks.com/
_zView on VLEbooks. Logins for members only from [email protected]
942 _n0
999 _c115798
_d115798